[Event "Titled Tue 10th Jun Late"]
[Site "chess.com INT"]
[Date "2025.06.10"]
[Round "9"]
[White "Marchesich, Giovanni"]
[Black "Ambartsumova, Karina"]
[Result "0-1"]
[WhiteTitle "CM"]
[BlackTitle "IM"]
[WhiteElo "2189"]
[BlackElo "2403"]
[WhiteFideId "2824790"]
[BlackFideId "4166299"]
[EventDate "2025.06.10"]

1. d4 Nf6 2. Nc3 d5 3. Bf4 g6 4. e3 Bg7 5. h4 h5 6. Nf3 O-O 7. Ne5 c5 8. dxc5
Qa5 9. Qd4 Nc6 10. Nxc6 bxc6 11. b4 Qd8 12. Be5 a5 13. b5 cxb5 14. Bxb5 Bf5 15.
O-O Bxc2 16. c6 e6 17. c7 Qe7 18. Rfc1 Bf5 19. Bc6 Rac8 20. Nb5 Ne8 21. Bxg7
Nxg7 22. Bb7 Be4 23. Bxc8 Rxc8 24. f3 Nf5 25. Qc5 Qxh4 26. fxe4 Ng3 27. Qd6 Ne2+
28. Kf1 Ng3+ 29. Kg1 Qh1+ 30. Kf2 Nxe4+ 31. Ke2 Qxg2+ 32. Kd3 Qd2# 0-1

[Event "Titled Tue 10th Jun Late"]
[Site "chess.com INT"]
[Date "2025.06.10"]
[Round "9"]
[White "Tahbaz, Arash"]
[Black "Carlsen, Magnus"]
[Result "0-1"]
[WhiteTitle "IM"]
[BlackTitle "GM"]
[WhiteElo "2462"]
[BlackElo "2837"]
[WhiteFideId "12528846"]
[BlackFideId "1503014"]
[EventDate "2025.06.10"]

1. Nf3 g6 2. e4 d6 3. d4 Nf6 4. Nc3 Bg7 5. Bc4 O-O 6. O-O Nc6 7. e5 dxe5 8. dxe5
Qxd1 9. Rxd1 Ng4 10. e6 Bxe6 11. Bxe6 fxe6 12. h3 Nge5 13. Ng5 Nd8 14. b3 Nec6
15. Bb2 Nd4 16. Rd2 N8c6 17. Rad1 Rad8 18. Kf1 b6 19. a3 a6 20. Nge4 Bh6 21. Rd3
Nxc2 22. Rxd8 Rxd8 23. Rxd8+ Nxd8 24. Nd1 Nc6 25. b4 Bg7 26. Bxg7 Kxg7 27. Ke2
Nxa3 0-1

[Event "Titled Tue 10th Jun Late"]
[Site "chess.com INT"]
[Date "2025.06.10"]
[Round "9"]
[White "Ernst, Luca"]
[Black "Izafatava, Kira"]
[Result "1-0"]
[WhiteTitle "FM"]
[WhiteElo "2215"]
[BlackElo "2036"]
[WhiteFideId "45117055"]
[BlackFideId "13521705"]
[EventDate "2025.06.10"]

1. e4 c5 2. Nf3 e6 3. d4 cxd4 4. Nxd4 a6 5. c4 Nf6 6. Nc3 Bb4 7. Qd3 Nc6 8. Nc2
Bxc3+ 9. Qxc3 Nxe4 10. Qxg7 Qf6 11. Qxf6 Nxf6 12. b3 Rg8 13. Bb2 Ke7 14. Ba3+ d6
15. f3 Nh5 16. O-O-O Rd8 17. g3 Ng7 18. Bd3 h6 19. Be4 Ne5 20. Rhe1 f5 21. f4
Ng4 22. Bg2 Nxh2 23. Ne3 Ng4 24. Nd5+ Kf7 25. Nb6 Rb8 26. Bxd6 1-0

[Event "Titled Tue 10th Jun Late"]
[Site "chess.com INT"]
[Date "2025.06.10"]
[Round "9"]
[White "Klepek, Witold"]
[Black "Anhwere, Bernard"]
[Result "1-0"]
[WhiteTitle "CM"]
[BlackTitle "CM"]
[WhiteElo "2253"]
[BlackElo "1906"]
[WhiteFideId "1175068"]
[BlackFideId "12600580"]
[EventDate "2025.06.10"]

1. c4 Nf6 2. Nf3 g6 3. Nc3 Bg7 4. d4 O-O 5. e4 d6 6. Be2 c5 7. O-O cxd4 8. Nxd4
a6 9. Be3 Nc6 10. f3 Bd7 11. Rc1 Rc8 12. b3 Qa5 13. Qd2 Kh8 14. Rfd1 Rfd8 15.
Bf1 Nxd4 16. Bxd4 Qh5 17. Bb6 Re8 18. Be3 Bc6 19. Ne2 Nd7 20. b4 Ne5 21. Nd4 Bd7
22. h3 Nc6 23. Ne2 Be5 24. g4 Qh4 25. Bg5 Bh2+ 26. Kg2 1-0

[Event "Titled Tue 10th Jun Late"]
[Site "chess.com INT"]
[Date "2025.06.10"]
[Round "9"]
[White "Marchand, Calix"]
[Black "Bacus, Dharim"]
[Result "0-1"]
[BlackTitle "FM"]
[WhiteElo "2108"]
[BlackElo "2131"]
[WhiteFideId "2640856"]
[BlackFideId "5201527"]
[EventDate "2025.06.10"]

1. b3 Nf6 2. Bb2 e6 3. Nf3 d5 4. d3 Be7 5. Nbd2 O-O 6. e4 c5 7. e5 Nfd7 8. c4
Nc6 9. cxd5 exd5 10. Qe2 Re8 11. e6 Bf6 12. d4 Rxe6 13. Ne5 Ncxe5 14. dxe5 Bxe5
15. Bxe5 Rxe5 16. Nf3 Rxe2+ 17. Bxe2 Qf6 18. O-O Ne5 19. Rac1 b6 20. Rfe1 Nxf3+
21. Bxf3 Be6 22. a4 Rd8 23. a5 d4 24. b4 c4 25. a6 d3 26. Red1 c3 27. Kf1 d2 28.
Rc2 Bc4+ 29. Kg1 Bb3 30. Be4 Bxc2 31. Bxc2 Qe7 32. g3 Qe1+ 33. Kg2 Qxd1 34. Bxd1
Re8 35. Bc2 Re1 36. b5 Rc1 37. Bb3 c2 38. h4 d1=Q 39. Kh3 Qf3 0-1

[Event "Titled Tue 10th Jun Late"]
[Site "chess.com INT"]
[Date "2025.06.10"]
[Round "9"]
[White "Zlatin, Alexander"]
[Black "Sethuraman, Roshan"]
[Result "1-0"]
[WhiteTitle "FM"]
[WhiteElo "2313"]
[BlackElo "2074"]
[WhiteFideId "2810549"]
[BlackFideId "30965250"]
[EventDate "2025.06.10"]

1. e4 c5 2. d4 cxd4 3. c3 d5 4. exd5 Qxd5 5. cxd4 Nc6 6. Nf3 Bg4 7. Be2 Nf6 8.
Nc3 Qd6 9. O-O Bxf3 10. Bxf3 O-O-O 11. Qa4 e6 12. Nb5 Qb4 13. Nxa7+ Kc7 14. Bf4+
Bd6 15. Nb5+ Kb6 16. Qxb4 Bxb4 17. Bc7+ Kxb5 18. Be2+ Ka4 19. a3 Ba5 20. Bd1+
Kb5 21. Be2+ Ka4 22. b3+ Kxb3 23. Rab1+ Kc2 24. Rfc1+ Kd2 25. Kf1 Bxc7 26. Rc4
Rxd4 27. Rd1# 1-0

[Event "Titled Tue 10th Jun Late"]
[Site "chess.com INT"]
[Date "2025.06.10"]
[Round "9"]
[White "Fernandes, Rogerio Paulo Muller"]
[Black "Sarkar, Justin"]
[Result "0-1"]
[BlackTitle "IM"]
[WhiteElo "2241"]
[BlackElo "2284"]
[WhiteFideId "2101599"]
[BlackFideId "2010011"]
[EventDate "2025.06.10"]

1. c4 a6 2. g3 b5 3. Bg2 Ra7 4. Qc2 Bb7 5. Nf3 bxc4 6. Qxc4 e6 7. O-O Nf6 8. d3
d5 9. Qc2 c5 10. b3 Nbd7 11. Bb2 Be7 12. Nbd2 O-O 13. Rac1 a5 14. d4 Qb6 15. e3
Ba6 16. Rfe1 Rc8 17. Qb1 Rac7 18. dxc5 Nxc5 19. Bd4 Qb4 20. Bxc5 Rxc5 21. Rxc5
Rxc5 22. Rc1 g6 23. Rxc5 Bxc5 24. Qc2 d4 25. exd4 Bxd4 26. Nxd4 Qxd4 27. Nf3
Qa1+ 0-1

[Event "Titled Tue 10th Jun Late"]
[Site "chess.com INT"]
[Date "2025.06.10"]
[Round "9"]
[White "Pica, Eleni"]
[Black "Uyanga, Byambaa"]
[Result "0-1"]
[WhiteTitle "WCM"]
[BlackTitle "WFM"]
[WhiteElo "1686"]
[BlackElo "2006"]
[WhiteFideId "5910005"]
[BlackFideId "2054906"]
[EventDate "2025.06.10"]

1. d4 Nf6 2. c4 g6 3. Nc3 Bg7 4. e4 O-O 5. Be2 d6 6. Bg5 Nc6 7. d5 Ne5 8. Qd2 c6
9. f4 Ned7 10. g4 Nc5 11. Bxf6 Bxf6 12. Bf3 Bh4+ 13. Kd1 e6 14. g5 e5 15. b4 Na6
16. dxc6 bxc6 17. fxe5 dxe5 18. Qxd8 Rxd8+ 19. Ke2 Nxb4 20. Rb1 Nd3 21. Na4 Bxg5
22. Nb2 Nf4+ 23. Kf2 Rd2+ 24. Ne2 Be6 25. Rhd1 Rad8 26. Rxd2 Rxd2 27. Nd1 Bxc4
28. Nc3 Bh4+ 29. Kf1 Kg7 0-1

[Event "Titled Tue 10th Jun Late"]
[Site "chess.com INT"]
[Date "2025.06.10"]
[Round "9"]
[White "George, Kevin"]
[Black "Moskalenko, Alexander"]
[Result "0-1"]
[WhiteTitle "IM"]
[BlackTitle "GM"]
[WhiteElo "2327"]
[BlackElo "2422"]
[WhiteFideId "10669515"]
[BlackFideId "4155351"]
[EventDate "2025.06.10"]

1. e4 c5 2. Nf3 Nc6 3. Bb5 Nf6 4. Nc3 Qc7 5. O-O Nd4 6. Re1 a6 7. Bf1 e6 8. e5
Ng8 9. Ne4 d5 10. exd6 Bxd6 11. Nxd4 cxd4 12. Qg4 Bxh2+ 13. Kh1 Be5 14. Ng5 Nf6
15. Qh4 Bd7 16. Nf3 Bf4 17. Nxd4 g5 18. Qh3 e5 19. Qc3 O-O-O 20. Qxc7+ Kxc7 21.
Ne2 Bc6 22. Nxf4 exf4 23. b3 Rhe8 24. Rxe8 Rxe8 25. Bb2 Ne4 26. Kg1 Nxd2 27. Bd3
f3 28. Bc3 Ne4 29. Bg7 fxg2 30. Re1 g4 31. Bb2 f5 32. Bd4 h5 33. c4 h4 0-1

[Event "Titled Tue 10th Jun Late"]
[Site "chess.com INT"]
[Date "2025.06.10"]
[Round "9"]
[White "Lin, Bryan Enming"]
[Black "Drygalov, Sergey"]
[Result "0-1"]
[WhiteTitle "FM"]
[BlackTitle "GM"]
[WhiteElo "2343"]
[BlackElo "2560"]
[WhiteFideId "30987121"]
[BlackFideId "24171743"]
[EventDate "2025.06.10"]

1. e4 c5 2. Nf3 d6 3. d4 cxd4 4. Nxd4 Nf6 5. Nc3 a6 6. h3 e5 7. Nb3 h6 8. g4 Be7
9. Be3 Nbd7 10. Nd5 Nxd5 11. exd5 Nf6 12. c4 Bd7 13. c5 Ba4 14. cxd6 Bxd6 15.
Bg2 Bb5 16. Qd2 Rc8 17. a4 Bc4 18. Na5 Qe7 19. Nxc4 Bb4 20. d6 Bxd2+ 21. Bxd2
Qe6 22. b3 Rxc4 23. bxc4 Qxd6 24. Ra2 Qd3 25. Rb2 O-O 26. h4 Nxg4 27. Rh3 Qd4
28. Bc3 Qf4 29. Bxb7 Rb8 30. Bd2 Qxf2+ 0-1

[Event "Titled Tue 10th Jun Late"]
[Site "chess.com INT"]
[Date "2025.06.10"]
[Round "9"]
[White "Haug, Havard"]
[Black "Antoniou, Rafail"]
[Result "1-0"]
[WhiteTitle "FM"]
[BlackTitle "CM"]
[WhiteElo "2354"]
[BlackElo "2134"]
[WhiteFideId "1547887"]
[BlackFideId "5904390"]
[EventDate "2025.06.10"]

1. d4 d5 2. Nf3 e6 3. Bf4 Nf6 4. e3 Bd6 5. Nbd2 O-O 6. c3 c5 7. Bd3 Qc7 8. Bxd6
Qxd6 9. Ne5 Nbd7 10. f4 b5 11. O-O c4 12. Bc2 b4 13. Rf3 bxc3 14. bxc3 Qa3 15.
Qc1 Qxc1+ 16. Rxc1 Rb8 17. Rb1 Ba6 18. Rff1 Nxe5 19. fxe5 Nd7 20. e4 Nb6 21. Kf2
Bb7 22. Ke3 Bc6 23. Rb4 dxe4 24. Bxe4 Bxe4 25. Kxe4 Nd5 26. Rxc4 Rb2 27. Kd3
Rxa2 28. g3 a5 29. Rb1 a4 30. Rb7 Ra8 31. Rc5 a3 32. Ra5 Re8 33. Rb3 h5 34.
Raxa3 Ra8 35. Rxa8+ Rxa8 36. c4 Ne7 37. Ne4 Ra2 38. Rb8+ Kh7 39. Rb7 Nf5 40.
Rxf7 Rxh2 41. d5 Kg6 42. dxe6 Rh1 43. Rxf5 Kxf5 44. e7 Rd1+ 45. Ke2 Rd4 46. e8=Q
Rxe4+ 47. Kf3 Rxe5 48. Qf7+ Kg5 49. Qf4+ Kg6 50. Qxe5 Kh6 51. Kf4 1-0

[Event "Titled Tue 10th Jun Late"]
[Site "chess.com INT"]
[Date "2025.06.10"]
[Round "9"]
[White "Marino Bravo, Miguel Angel"]
[Black "Ferreira, Vitor Hugo Vieira"]
[Result "1-0"]
[WhiteTitle "CM"]
[WhiteElo "2134"]
[BlackElo "2128"]
[WhiteFideId "2208970"]
[BlackFideId "2119765"]
[EventDate "2025.06.10"]

1. d4 Nf6 2. Bf4 g6 3. Nc3 Bg7 4. e4 O-O 5. Qd2 c5 6. dxc5 Qa5 7. Bh6 Bxh6 8.
Qxh6 Nxe4 9. Ne2 Na6 10. h4 Nxc3 11. Nxc3 Qxc5 12. h5 Qe5+ 13. Be2 Qg7 14. Qe3
d6 15. Qxe7 Bg4 16. f3 Rfe8 17. Qg5 Bf5 18. O-O-O Nb4 19. Bd3 Bxd3 20. cxd3 Rac8
21. Kb1 Re5 22. Qf4 Rxc3 23. bxc3 Nd5 24. Qd4 Nxc3+ 25. Qxc3 Rb5+ 26. Qb3 Rxb3+
27. axb3 Qc3 28. Ka2 a5 29. h6 b5 30. Rc1 Qd2+ 31. Ka1 f5 32. Rc7 a4 33. bxa4
bxa4 34. Rb1 Qc3+ 35. Rxc3 1-0

[Event "Titled Tue 10th Jun Late"]
[Site "chess.com INT"]
[Date "2025.06.10"]
[Round "9"]
[White "Blackburn, Jonathan L B"]
[Black "Thiel, Thomas"]
[Result "1-0"]
[WhiteTitle "FM"]
[BlackTitle "FM"]
[WhiteElo "2207"]
[BlackElo "2170"]
[WhiteFideId "1801090"]
[BlackFideId "4615964"]
[EventDate "2025.06.10"]

1. d4 Nf6 2. c4 g6 3. Nc3 d5 4. cxd5 Nxd5 5. e4 Nxc3 6. bxc3 Bg7 7. Bc4 c5 8.
Ne2 O-O 9. O-O Nc6 10. Be3 b6 11. Qd2 Bb7 12. f3 Rc8 13. Rfd1 cxd4 14. cxd4 Nxd4
15. Bxf7+ Rxf7 16. Bxd4 Ba6 17. Bxg7 Qxd2 18. Rxd2 Bxe2 19. Rxe2 Kxg7 20. Rd1 e5
21. Rd5 Re7 22. Kf2 Kf6 23. Red2 Rc3 24. Rd6+ Kf7 25. R6d5 Ra3 26. h4 Kf6 27. g4
h6 28. Rd6+ Re6 29. Rd7 Re7 30. R2d6+ Kf7 31. Rxe7+ Kxe7 32. Rxg6 Rxa2+ 33. Kg3
b5 34. Rxh6 b4 35. Rh7+ Kf6 36. Rb7 a5 37. g5+ Kg6 38. Rb6+ Kg7 39. Kg4 Rf2 40.
h5 Kf7 41. h6 Rh2 42. Kf5 1-0

[Event "Titled Tue 10th Jun Late"]
[Site "chess.com INT"]
[Date "2025.06.10"]
[Round "9"]
[White "Deng, Henry"]
[Black "Halynyazov, Vepaly"]
[Result "1-0"]
[WhiteTitle "FM"]
[WhiteElo "2327"]
[BlackElo "2189"]
[WhiteFideId "30965454"]
[BlackFideId "14004020"]
[EventDate "2025.06.10"]

1. e4 e6 2. d4 d5 3. Nd2 c5 4. Ngf3 cxd4 5. Nxd4 Nc6 6. Bb5 Bd7 7. Nxc6 bxc6 8.
Bd3 Bd6 9. Qe2 Ne7 10. O-O O-O 11. Nf3 Ng6 12. Re1 c5 13. c4 Bc6 14. cxd5 exd5
15. exd5 Bxd5 16. Bg5 Qc7 17. h4 Qb7 18. Be4 Nf4 19. Bxf4 Bxf4 20. Rad1 Bxe4 21.
Qxe4 Qc7 22. b3 h6 23. Qf5 Rad8 24. h5 c4 25. bxc4 Qxc4 26. g3 Bc7 27. Rc1 Qxa2
28. Rxc7 Rd5 29. Qg4 Qa5 30. Rec1 Rxh5 31. Rc8 Rxc8 32. Rxc8+ Kh7 33. Rc1 Rd5
34. Qe4+ f5 35. Qe7 Qa4 36. Rc7 Qa1+ 37. Kg2 a5 38. Qf7 Rb5 39. Ng5+ hxg5 40.
Qh5+ Kg8 41. Rc8# 1-0

[Event "Titled Tue 10th Jun Late"]
[Site "chess.com INT"]
[Date "2025.06.10"]
[Round "9"]
[White "Diaz Cesar, Wilsaida Pieranlly"]
[Black "Mai, Alexander Oliver"]
[Result "0-1"]
[WhiteTitle "WFM"]
[BlackTitle "CM"]
[WhiteElo "1890"]
[BlackElo "2171"]
[WhiteFideId "6403557"]
[BlackFideId "2313391"]
[EventDate "2025.06.10"]

1. e4 c5 2. Nf3 d6 3. c3 Nf6 4. Be2 Nc6 5. d4 cxd4 6. cxd4 d5 7. e5 Ne4 8. Nc3
Nxc3 9. bxc3 Bf5 10. O-O e6 11. Bg5 Be7 12. Bxe7 Qxe7 13. Qb3 O-O 14. a4 Rfc8
15. c4 dxc4 16. Qxc4 Nxe5 17. Nxe5 Rxc4 18. Nxc4 h6 19. f3 Rd8 20. Rfd1 Qb4 21.
Ra2 Qc3 22. Rad2 Rc8 23. Nd6 Qe3+ 24. Kf1 Rc7 25. Nxf5 exf5 26. d5 Rd7 27. Bb5
Rd6 28. Re2 Qb3 29. Rd3 Qb1+ 30. Re1 Qb4 31. Re8+ Kh7 32. Ke2 a6 0-1

[Event "Titled Tue 10th Jun Late"]
[Site "chess.com INT"]
[Date "2025.06.10"]
[Round "9"]
[White "Zepeda Berlanga, Jan Enrique"]
[Black "Bogaudinov, Rushan"]
[Result "0-1"]
[WhiteTitle "CM"]
[BlackTitle "FM"]
[WhiteElo "1984"]
[BlackElo "1912"]
[WhiteFideId "5132355"]
[BlackFideId "4129288"]
[EventDate "2025.06.10"]

1. e4 c5 2. Nf3 e6 3. d4 cxd4 4. Nxd4 Nc6 5. Nc3 a6 6. Nxc6 bxc6 7. Bd3 d5 8.
O-O Nf6 9. b3 d4 10. Ne2 e5 11. f4 Bd6 12. Qe1 O-O 13. f5 Be7 14. h3 Nd7 15. g4
Bh4 16. Qd1 a5 17. a4 Ba6 18. Ba3 Re8 19. Bxa6 Rxa6 20. Qd3 Ra8 21. c3 c5 22.
cxd4 exd4 23. Nf4 Ne5 24. Qd2 c4 25. bxc4 Nxc4 26. Qd3 Ne5 27. Qd2 d3 28. Rab1
Qd4+ 29. Kg2 Qxe4+ 30. Kh2 Nf3+ 31. Rxf3 Qxf3 32. Rg1 Bg5 33. Bc1 Bxf4+ 34. Qxf4
Re2+ 0-1

[Event "Titled Tue 10th Jun Late"]
[Site "chess.com INT"]
[Date "2025.06.10"]
[Round "9"]
[White "Dilanyan, Grigor"]
[Black "Papasimakopoulos, Alexandros"]
[Result "0-1"]
[WhiteTitle "FM"]
[BlackTitle "IM"]
[WhiteElo "2191"]
[BlackElo "2366"]
[WhiteFideId "13303570"]
[BlackFideId "4244125"]
[EventDate "2025.06.10"]

1. d4 e6 2. c4 d5 3. Nf3 Nf6 4. g3 c6 5. Qc2 Ne4 6. Bg2 Bd6 7. O-O O-O 8. b3 Qe7
9. a4 Na6 10. Ba3 Nb4 11. Qc1 a5 12. Nc3 f5 13. Nd2 b6 14. cxd5 exd5 15. Ncxe4
dxe4 16. Nc4 Bc7 17. Qc3 Be6 18. f3 Bd5 19. fxe4 Bxe4 20. e3 Bxg2 21. Kxg2 Qe4+
22. Rf3 Nd5 23. Qd2 g5 24. Kf2 Rf6 25. Rf1 g4 26. Rf4 Bxf4 27. exf4 Qf3+ 28. Kg1
Qxb3 29. Qf2 Qxc4 30. Re1 Qxa4 31. Qe2 Qxa3 32. Qe5 Qd6 0-1

[Event "Titled Tue 10th Jun Late"]
[Site "chess.com INT"]
[Date "2025.06.10"]
[Round "9"]
[White "Rajaram, Rohan"]
[Black "Weisz, Bryan"]
[Result "1-0"]
[WhiteTitle "CM"]
[WhiteElo "2164"]
[BlackElo "2059"]
[WhiteFideId "30940729"]
[BlackFideId "30934133"]
[EventDate "2025.06.10"]

1. Nf3 c5 2. c4 b6 3. Nc3 Bb7 4. d4 cxd4 5. Nxd4 Nf6 6. Bg5 a6 7. e3 d6 8. f3
Nbd7 9. Be2 e6 10. Qd2 Be7 11. O-O O-O 12. Rad1 d5 13. cxd5 Nxd5 14. Bxe7 Qxe7
15. Nxd5 Bxd5 16. e4 Bxa2 17. b3 e5 18. Nf5 Qc5+ 19. Kh1 Bxb3 20. Rc1 Qa3 21.
Qxd7 Be6 22. Qd6 Qa2 23. Rfe1 Bxf5 24. exf5 Qa5 25. Bc4 b5 26. Bd5 Rad8 27. Qxe5
Qd2 28. Rcd1 Qg5 29. f4 Qh5 30. g4 Qh4 31. g5 h6 32. Bxf7+ Kh8 33. Rxd8 Rxd8 34.
Qe8+ 1-0

[Event "Titled Tue 10th Jun Late"]
[Site "chess.com INT"]
[Date "2025.06.10"]
[Round "9"]
[White "Lesovoi, Evgenij"]
[Black "Huston, Gus"]
[Result "1-0"]
[WhiteTitle "FM"]
[BlackTitle "IM"]
[WhiteElo "2234"]
[BlackElo "2315"]
[WhiteFideId "24164135"]
[BlackFideId "30909090"]
[EventDate "2025.06.10"]

1. d4 Nf6 2. c4 e6 3. Nc3 Bb4 4. Qc2 O-O 5. e4 c5 6. d5 exd5 7. exd5 Re8+ 8. Be2
d6 9. Nf3 Qe7 10. O-O Bxc3 11. Qxc3 Ne4 12. Qc2 Ng3 13. hxg3 Qxe2 14. Re1 Qxe1+
15. Nxe1 Rxe1+ 16. Kh2 Nd7 17. Qc3 Re2 18. Be3 Ne5 19. Kg1 Bf5 20. b3 b6 21. Bf4
Re8 22. f3 h5 23. a4 a5 24. Kh1 f6 25. Re1 Rc2 26. Qa1 Kf7 27. Qd1 Bg6 28. Re3
Bh7 29. Bxe5 fxe5 30. f4 e4 31. Qxc2 1-0

[Event "Titled Tue 10th Jun Late"]
[Site "chess.com INT"]
[Date "2025.06.10"]
[Round "9"]
[White "Manukyan, Sargis A."]
[Black "Shearsby, Jude"]
[Result "0-1"]
[WhiteTitle "FM"]
[BlackTitle "CM"]
[WhiteElo "2294"]
[BlackElo "2160"]
[WhiteFideId "13303970"]
[BlackFideId "462527"]
[EventDate "2025.06.10"]

1. d4 Nc6 2. c4 e5 3. dxe5 Nxe5 4. e3 Nf6 5. Nd2 d5 6. Ngf3 Nxf3+ 7. Nxf3 Bd6 8.
cxd5 Nxd5 9. Be2 O-O 10. O-O Be6 11. h3 c5 12. e4 Nf4 13. e5 Nxe2+ 14. Qxe2 Be7
15. Rd1 Qb6 16. b3 Rac8 17. Bg5 Bxg5 18. Nxg5 Bf5 19. Qf3 Qg6 20. Qe3 h6 21. Nf3
Qc6 22. Rd6 Qc7 23. Rad1 Rfe8 24. Qf4 Be6 25. g4 b5 26. g5 h5 27. h4 c4 28. Nd4
c3 29. Nxe6 Rxe6 30. Rd7 Qxe5 31. Qxf7+ Kh8 32. Qxh5+ Rh6 33. Qxh6+ gxh6 34. g6
c2 35. Rh7+ Kg8 36. Rdd7 c1=Q+ 37. Kg2 Qc6+ 38. Kg1 Qxg6+ 0-1

[Event "Titled Tue 10th Jun Late"]
[Site "chess.com INT"]
[Date "2025.06.10"]
[Round "9"]
[White "Sivakumar, Shaaketh"]
[Black "Vakhidov, Jakhongir"]
[Result "1-0"]
[WhiteTitle "FM"]
[BlackTitle "GM"]
[WhiteElo "2279"]
[BlackElo "2539"]
[WhiteFideId "30940176"]
[BlackFideId "14201801"]
[EventDate "2025.06.10"]

1. e4 d5 2. exd5 Qxd5 3. Nc3 Qd6 4. d4 Nf6 5. Nf3 g6 6. Bc4 Bg7 7. Ne5 O-O 8.
Bf4 Qd8 9. O-O Nc6 10. Nxc6 bxc6 11. Be5 Rb8 12. Bb3 Ne8 13. Qe2 Nd6 14. Rfe1
Re8 15. Qf3 Nf5 16. Rad1 e6 17. Qxc6 Bb7 18. Qxc7 Qg5 19. d5 Rec8 20. Qxb8 Rxb8
21. Bxb8 Nd4 22. Bg3 Nxb3 23. axb3 Bxc3 24. bxc3 Bxd5 25. c4 Bc6 26. Rd6 Bb7 27.
Rd7 Bc6 28. Rc7 Qd2 29. Ra1 Be4 30. Be5 f6 31. Bxf6 Qf4 32. Rc8+ Kf7 33. Rxa7+
Kxf6 34. Rf8+ Ke5 35. Rxf4 Kxf4 36. c5 Ke5 37. b4 Kd5 38. Rd7+ Kc4 39. Rd6 Kxb4
40. c6 1-0

[Event "Titled Tue 10th Jun Late"]
[Site "chess.com INT"]
[Date "2025.06.10"]
[Round "9"]
[White "Shapiro, Daniel"]
[Black "Labussiere, Victor"]
[Result "0-1"]
[WhiteTitle "FM"]
[BlackTitle "FM"]
[WhiteElo "2284"]
[BlackElo "2312"]
[WhiteFideId "2001780"]
[BlackFideId "2183129"]
[EventDate "2025.06.10"]

1. d4 Nf6 2. c4 g6 3. Nc3 Bg7 4. e4 d6 5. Be2 O-O 6. Nf3 c5 7. d5 e6 8. O-O Re8
9. Qc2 e5 10. Ne1 Na6 11. a3 Kh8 12. Nd3 Bg4 13. f3 Bc8 14. b4 b6 15. Be3 Nh5
16. g3 Nc7 17. Rae1 Bh3 18. Rf2 Qd7 19. f4 exf4 20. Nxf4 Nxf4 21. gxf4 Rac8 22.
bxc5 bxc5 23. Kh1 f5 24. e5 dxe5 25. fxe5 Bxe5 26. Bxc5 Nxd5 27. Nxd5 Rxc5 28.
Bd3 Rxd5 29. cxd5 Qxd5+ 30. Be4 fxe4 31. Rxe4 Bf5 32. Re2 Bxe4+ 33. Rxe4 Re7 0-1

[Event "Titled Tue 10th Jun Late"]
[Site "chess.com INT"]
[Date "2025.06.10"]
[Round "9"]
[White "Xia, Joshua"]
[Black "Kislinsky, Alexey"]
[Result "0-1"]
[BlackTitle "GM"]
[WhiteElo "2035"]
[BlackElo "2341"]
[WhiteFideId "30987830"]
[BlackFideId "14108801"]
[EventDate "2025.06.10"]

1. e4 c6 2. d4 d5 3. e5 Bf5 4. h4 h5 5. Bg5 Qb6 6. Bd3 Qxd4 7. Nf3 Qg4 8. Bxf5
Qxf5 9. O-O e6 10. c4 Nd7 11. Nc3 Be7 12. cxd5 exd5 13. e6 fxe6 14. Nd4 Qg6 15.
Re1 e5 16. Nf3 Bd6 17. Bf4 Qf5 18. Bg3 Ne7 19. Qe2 Ng6 20. Rac1 O-O 21. Ng5 Qg4
22. Qc2 Qf5 23. Qd1 Nf4 24. Bxf4 Qxf4 25. Qxh5 Qxf2+ 26. Kh1 Qf5 27. g4 Nf6 28.
Qf7+ Rxf7 29. gxf5 Re7 30. Ne6 e4 31. Rg1 Kh8 32. Rg5 Rxe6 33. fxe6 Bf4 34. Rf1
Bxg5 35. hxg5 Nh7 36. Rf5 Re8 37. Re5 Nf8 38. e7 Ng6 39. Re6 Kh7 40. Na4 Rxe7
41. Rxe7 Nxe7 42. Nc5 b6 43. Ne6 Kg6 44. Kg2 Kf5 45. Nxg7+ Kxg5 46. Kf2 Kf6 47.
Ne8+ Ke5 48. Ke2 d4 49. Nc7 c5 50. Nb5 a6 51. Nc7 a5 52. Na8 Nd5 0-1

[Event "Titled Tue 10th Jun Late"]
[Site "chess.com INT"]
[Date "2025.06.10"]
[Round "9"]
[White "Ragger, Markus"]
[Black "Morris-Suzuki, Alan H"]
[Result "1-0"]
[WhiteTitle "GM"]
[WhiteElo "2566"]
[BlackElo "1987"]
[WhiteFideId "1610856"]
[BlackFideId "30933218"]
[EventDate "2025.06.10"]

1. d4 g6 2. e4 Bg7 3. Nf3 d6 4. Be3 a6 5. Nc3 e6 6. Bd3 b5 7. a4 b4 8. Nb1 a5 9.
Nbd2 Bb7 10. O-O Nf6 11. c3 Ng4 12. Bg5 Qc8 13. h3 h6 14. Bh4 Nf6 15. Bb5+ c6
16. e5 dxe5 17. dxe5 Nfd7 18. Ne4 O-O 19. Bd3 Nxe5 20. Nf6+ Bxf6 21. Bxf6 Nxf3+
22. Qxf3 Nd7 23. Bh4 Ne5 24. Qe3 Nxd3 25. Bf6 Kh7 26. Qxd3 c5 27. Rfd1 Qc6 28.
f3 Rae8 29. Be5 Qb6 30. Qe3 Rd8 31. Qf4 c4+ 32. Kh2 f6 33. Bxf6 e5 34. Qxe5 Rfe8
35. Bxd8 1-0

[Event "Titled Tue 10th Jun Late"]
[Site "chess.com INT"]
[Date "2025.06.10"]
[Round "9"]
[White "Graif, William"]
[Black "Buchenau, Frank"]
[Result "1-0"]
[WhiteTitle "FM"]
[BlackTitle "FM"]
[WhiteElo "2211"]
[BlackElo "2205"]
[WhiteFideId "2609835"]
[BlackFideId "4604350"]
[EventDate "2025.06.10"]

1. e4 e6 2. d4 d5 3. Be3 dxe4 4. f3 f5 5. Nd2 Nf6 6. fxe4 fxe4 7. Qe2 Qd5 8. g4
Nc6 9. g5 Nd7 10. c4 Qa5 11. Bg2 Bb4 12. Bxe4 O-O 13. a3 Bxd2+ 14. Bxd2 Qb6 15.
Qh5 Rf5 16. Bxf5 exf5 17. Qe8+ Nf8 18. Nf3 Nxd4 19. Nxd4 Qxd4 20. O-O-O Qxc4+
21. Bc3 Qe4 22. Qxe4 fxe4 23. Rd8 b6 24. Rf1 1-0